Parodontológia 6 Neovplyvniteľné rizikové faktory zmien orálnych tkanív : biológia imunológia genetika

Podrobná bibliografia
Hlavní autori: Kovaľová, Eva, 1956- (Autor), Konečný, Michal, 1979- (Autor), Roshko, Oksana, 1992- (Autor)
Ďalší autori: Krajčovič, Juraj, 1955- (Recenzent), Kluchová, Darina, 1949- (Recenzent), Timková, Silvia, 1974- (Recenzent), Matuševská, Mária, 1985- (Recenzent)
Médium: Kniha
Jazyk:slovenčina
Fyzický popis:275 strán fotografie, ilustrácie 30 cm
Vydavateľské údaje: Prešov Michal Vaško - Vydavateľstvo 2024
ISBN:9788081980718
Vydanie:Vydanie prvé
Edícia:Orálna medicína
Predmet:

MARC

LEADER 00000cam a2200000 4500
001 vtls012266656
003 SK-MaSNL
005 20260301193015.0
008 241107s2024 xo oa f n 001 0 slo
015 |a SNBA2025/06 
020 |a 9788081980718  |q (viazané) 
040 |a SNK  |b slo  |c SNK  |e rda 
041 0 |a slo  |b eng  |b slo 
044 |a xo  |c SK 
072 7 |a 616.31  |x Stomatológia  |2 konspekt 
072 7 |a 616  |x Patológia. Klinická medicína  |2 konspekt 
080 |a 616  |2 2011 
080 |a 611.314  |2 2011 
080 |a (048.8:082)  |2 2011 
100 1 |a Kovaľová, Eva,  |d 1956-  |4 aut  |9 11666 
245 1 0 |a Parodontológia 6  |p Neovplyvniteľné rizikové faktory zmien orálnych tkanív : biológia imunológia genetika  |c Eva Kovaľová, Michal Konečný, Oksana Roshko 
246 3 0 |a Neovplyvniteľné rizikové faktory zmien orálnych tkanív 
250 |a Vydanie prvé 
264 1 |a Prešov  |b Michal Vaško - Vydavateľstvo  |c 2024 
300 |a 275 strán  |b fotografie, ilustrácie  |c 30 cm 
336 |a text  |b txt  |2 rdacontent 
336 |a statický obraz  |b sti  |2 rdacontent 
337 |a bez média  |b n  |2 rdamedia 
338 |a zväzok  |b nc  |2 rdacarrier 
490 1 |a Orálna medicína  |v V 
500 |a Obsahuje profesijné údaje o autoroch na zadnej strane obálky publikácie 
504 |a Obsahuje bibliografiu a register 
546 |a Anglický a slovenský abstrakt a kľúčové slová 
650 0 7 |a parodontológia  |2 SNKPH  |9 20397 
650 0 7 |a parodont  |2 SNKPH  |9 122565 
650 0 7 |a Periodontics  |2 SNKPHeng  |9 318446 
650 0 7 |a Periodontium  |2 SNKPHeng  |9 423004 
655 7 |a kolektívne monografie  |2 SNKPH  |9 249850 
655 7 |a Collective monographs  |2 SNKPHeng  |9 125747 
700 1 |a Konečný, Michal,  |d 1979-  |4 aut  |9 246877 
700 1 |a Roshko, Oksana,  |d 1992-  |4 aut  |9 246876 
700 1 |a Krajčovič, Juraj,  |d 1955-  |4 rev  |9 105462 
700 1 |a Kluchová, Darina,  |d 1949-  |4 rev  |9 192925 
700 1 |a Timková, Silvia,  |d 1974-  |4 rev  |9 217700 
700 1 |a Matuševská, Mária,  |d 1985-  |4 rev  |9 228606 
830 0 |a Orálna medicína  |9 444537 
852 |a Slovenská národná knižnica 
919 |a 978-80-9198-071-8 
954 |a odborná, vedecká literatúra pôvodná (slovenská)  |2 lita 
958 |a NB 
958 |a MI 
999 |c 875755  |d 877685 
952 |a SNK  |b SNK  |y PREZ  |7 0  |p 17A1562901  |o snkSB 101044  |i snk2025/50  |8 0  |0 0  |1 0  |4 0  |d 2025-01-07  |l 0  |r 2026-02-24 05:57:09  |w 2026-02-24